000
00306nam a22001337a 4500
008
170606b xxu||||| |||| 00| 0 eng d
020
_a
2900495913138
041
_a
eng
080
_2
5TH
_a
94(100)
100
_a
18
101
_a
SHH
245
_a
THE EARTH AND ITS PEOPLES
_c
BULLIET,R.W
942
_2
udc
_c
BK
999
_c
16021
_d
16021